[Event "SUI-chT"]
[Site "Switzerland"]
[Date "2019.10.20"]
[Round "9.6"]
[White "Ferrier, David"]
[Black "Carron, Julien"]
[Result "0-1"]
[WhiteElo "2013"]
[BlackElo "2351"]
[PlyCount "94"]
[EventDate "2019.03.10"]
[EventType "team-tourn"]
[EventRounds "9"]
[EventCountry "SUI"]
[SourceTitle "CBM 192 Extra"]
[Source "Chessbase"]
[SourceDate "2019.11.06"]
[SourceVersion "1"]
[SourceVersionDate "2019.11.06"]
[SourceQuality "1"]
[WhiteTeam "Nyon"]
[BlackTeam "Reti"]
[WhiteTeamCountry "SUI"]
[BlackTeamCountry "SUI"]

1. e4 c5 2. f4 d5 3. exd5 Nf6 4. Bb5+ Nbd7 5. c4 g6 6. Nf3 Bg7 7. 0-0 0-0 8. Nc3 Nb6 9. d3 e6 10. Be3 Qc7 11. d6 Qxd6 12. Ne5 a6 13. Ba4 Nxa4 14. Nxa4 b6 15. d4 cxd4 16. Qxd4 Qxd4 17. Bxd4 b5 18. Nb6 Rb8 19. Nc6 Rb7 20. Bc5 Rxb6 21. Bxb6 bxc4 22. Rac1 Nd5 23. Bc5 Re8 24. Ne5 Nxf4 25. Rxf4 Bxe5 26. Rfxc4 Bxb2 27. R1c2 Bg7 28. Bf8 Bb7 29. Bxg7 Kxg7 30. Rc7 Be4 31. Rf2 Rf8 32. Rf4 Bd5 33. a3 g5 34. Rb4 Ra8 35. Rc5 Ra7 36. a4 f5 37. Rb6 f4 38. Kf2 Kf7 39. Rc3 Kf6 40. h4 gxh4 41. Rd3 Kf5 42. Rc3 Rg7 43. Rxa6 Rxg2+ 44. Ke1 f3 45. Ra7 h3 46. Rxh7 h2 47. Rh8 Rg1+ 0-1

[Event "SUI-chT"]
[Site "Switzerland"]
[Date "2019.06.30"]
[Round "5.7"]
[White "Gruenenwald, Joerg"]
[Black "Ferrier, David"]
[Result "1/2-1/2"]
[WhiteElo "2329"]
[BlackElo "2013"]
[PlyCount "57"]
[EventDate "2019.03.10"]
[EventType "team-tourn"]
[EventRounds "9"]
[EventCountry "SUI"]
[SourceTitle "EXT 2020"]
[Source "ChessBase"]
[SourceDate "2019.10.17"]
[SourceVersion "1"]
[SourceVersionDate "2019.10.17"]
[SourceQuality "1"]
[WhiteTeam "Zuerich"]
[BlackTeam "Nyon"]
[WhiteTeamCountry "SUI"]
[BlackTeamCountry "SUI"]

1. d4 d5 2. Nf3 Nc6 3. Bf4 Bg4 4. Nbd2 e6 5. e3 Bd6 6. Bg3 Nf6 7. Be2 Bxg3 8. hxg3 Qd6 9. c3 0-0 10. b4 Ne7 11. Ne5 Bxe2 12. Qxe2 a5 13. b5 Qa3 14. c4 dxc4 15. Qxc4 Ned5 16. 0-0 Nxe3 17. fxe3 Qxe3+ 18. Rf2 Rad8 19. Nf1 Qxd4 20. Qxd4 Rxd4 21. Rd2 Rb4 22. a4 Nd5 23. Nd3 Rc4 24. Nb2 Rc3 25. Rd3 Rc2 26. Rd2 Rc3 27. Rd3 Rc2 28. Rd2 Rc3 29. Rd3 1/2-1/2

[Event "SUI-chT"]
[Site "Switzerland"]
[Date "2019.05.04"]
[Round "3.8"]
[White "Wirthensohn, Heinz"]
[Black "Ferrier, David"]
[Result "1-0"]
[WhiteElo "2316"]
[BlackElo "2013"]
[PlyCount "53"]
[EventDate "2019.03.10"]
[EventType "team-tourn"]
[EventRounds "9"]
[EventCountry "SUI"]
[SourceTitle "CBM 190 Extra"]
[Source "ChessBase"]
[SourceDate "2019.07.15"]
[SourceVersion "1"]
[SourceVersionDate "2019.07.15"]
[SourceQuality "1"]
[WhiteTeam "Riehen"]
[BlackTeam "Nyon"]
[WhiteTeamCountry "SUI"]
[BlackTeamCountry "SUI"]

1. d4 d5 2. Bf4 Bg4 3. h3 Bh5 4. c4 Nc6 5. Nc3 e6 6. cxd5 exd5 7. g4 Bg6 8. Bg2 Bb4 9. Nf3 Nge7 10. 0-0 0-0 11. Nh4 Bxc3 12. bxc3 Na5 13. Bg3 c6 14. Nxg6 hxg6 15. e4 dxe4 16. Bxe4 Nd5 17. Qd3 Qd7 18. c4 Nf6 19. Bf3 Rad8 20. Rad1 Rfe8 21. Qc3 b6 22. Be5 Qe6 23. Rc1 Nd7 24. Bc7 Rc8 25. Bg3 Qf6 26. c5 Nc4 27. g5 1-0

[Event "Yerevan Asrian Memorial 10th"]
[Site "Yerevan"]
[Date "2017.06.22"]
[Round "2"]
[White "Abrahamyan, Rashid"]
[Black "Ferrier, David"]
[Result "1/2-1/2"]
[WhiteElo "1699"]
[BlackElo "2053"]
[PlyCount "123"]
[EventDate "2017.06.21"]
[EventType "swiss"]
[EventRounds "9"]
[EventCountry "ARM"]
[SourceTitle "EXT 2018"]
[Source "ChessBase"]
[SourceDate "2017.10.13"]
[SourceVersion "1"]
[SourceVersionDate "2017.10.13"]
[SourceQuality "1"]

1. e4 c5 2. c3 Nf6 3. e5 Nd5 4. g3 Nc6 5. d4 cxd4 6. Nf3 d6 7. exd6 Qxd6 8. Nxd4 Nxd4 9. Qxd4 e5 10. Qd1 Nb6 11. Qxd6 Bxd6 12. Bg2 0-0 13. 0-0 Rb8 14. b3 Be6 15. c4 Rfd8 16. Bb2 f6 17. Ba3 Bf8 18. Bxf8 Kxf8 19. Nc3 a6 20. Rad1 Ke7 21. Rxd8 Kxd8 22. Ne4 Kc7 23. Nc5 Bf5 24. f4 exf4 25. Rxf4 Bd7 26. Re4 Kd6 27. b4 Bc6 28. Re6+ Kc7 29. Bxc6 bxc6 30. Nxa6+ Kd7 31. Nc5+ Kd8 32. Rxc6 Nxc4 33. Nb7+ Rxb7 34. Rxc4 Ra7 35. Rc2 Ra3 36. Rb2 Kc7 37. Kg2 Kb6 38. Kh3 Kb5 39. Kg4 g6 40. h4 Rc3 41. Kh3 f5 42. Rf2 Kxb4 43. h5 Kc5 44. hxg6 hxg6 45. Kh4 Kd6 46. Re2 Ra3 47. Rf2 Ke5 48. Kh3 g5 49. Kg2 Kf6 50. Rb2 Kg6 51. Rf2 Rc3 52. Kh2 Rd3 53. Kg2 Ra3 54. Kh3 Kf6 55. Kg2 Ke5 56. Re2+ Kf6 57. Rf2 Re3 58. Kh2 Ke5 59. Kg2 f4 60. gxf4+ gxf4 61. Rf3 Rxf3 62. Kxf3 1/2-1/2

[Event "EU-chT Railways USIC 19th"]
[Site "St Petersburg"]
[Date "2016.07.07"]
[Round "5.21"]
[White "Alaguzov, Maxat"]
[Black "Ferrier, David"]
[Result "1-0"]
[WhiteElo "2415"]
[BlackElo "2030"]
[PlyCount "83"]
[EventDate "2016.07.05"]
[EventType "team-swiss"]
[EventRounds "5"]
[EventCountry "RUS"]
[SourceTitle "EXT 2020"]
[Source "ChessBase"]
[SourceDate "2019.10.17"]
[SourceVersion "1"]
[SourceVersionDate "2019.10.17"]
[SourceQuality "1"]
[WhiteTeam "Kazakhstan (rail)"]
[BlackTeam "France (rail)"]
[WhiteTeamCountry "KAZ"]
[BlackTeamCountry "FRA"]

1. d4 d5 2. c4 Nc6 3. e3 e5 4. cxd5 Qxd5 5. Nc3 Bb4 6. Bd2 Bxc3 7. bxc3 Nf6 8. Qb3 Qd6 9. Ne2 0-0 10. Ng3 h5 11. Bd3 Re8 12. 0-0-0 e4 13. Be2 h4 14. Nh5 Nxh5 15. Bxh5 Be6 16. Qb2 Na5 17. Be2 Bc4 18. Bg4 Qd5 19. f3 Bd3 20. fxe4 Bxe4 21. Rhf1 f5 22. Bf3 Re6 23. Bxe4 fxe4 24. Rf4 Rb6 25. Qc2 Nc4 26. Qxe4 Qd6 27. Rdf1 Na3 28. Kd1 Qe6 29. Qxe6+ Rxe6 30. Rxh4 Rae8 31. Ke2 Nc4 32. Rf3 Rb6 33. Kd3 Nxd2 34. Kxd2 Rb2+ 35. Kd3 Rxg2 36. a4 Re6 37. d5 Rd6 38. e4 Ra2 39. c4 Rxa4 40. e5 Rxd5+ 41. cxd5 Rxh4 42. e6 1-0

[Event "FRA-chT2 East 0809"]
[Site "France"]
[Date "2009.02.08"]
[Round "7.4"]
[White "Wegner, Eric"]
[Black "Ferrier, David"]
[Result "1/2-1/2"]
[WhiteElo "2045"]
[BlackElo "1997"]
[PlyCount "116"]
[EventDate "2008.10.19"]
[EventType "tourn"]
[EventRounds "11"]
[EventCountry "FRA"]
[SourceTitle "EXT 2010"]
[Source "ChessBase"]
[SourceDate "2010.11.25"]
[SourceVersion "1"]
[SourceVersionDate "2010.11.25"]
[SourceQuality "1"]
[WhiteTeam "Grenoble"]
[BlackTeam "Besancon TPG II"]
[WhiteTeamCountry "FRA"]
[BlackTeamCountry "FRA"]

1. d4 e6 2. c4 c5 3. d5 exd5 4. cxd5 d6 5. Nc3 g6 6. Nf3 Bg7 7. g3 Nf6 8. Bg2 0-0 9. 0-0 Re8 10. Nd2 Nbd7 11. h3 Rb8 12. a4 b6 13. Nb5 Ba6 14. Nc4 Bxb5 15. axb5 Qc7 16. Bf4 Bf8 17. Bf3 Ra8 18. Qd3 Qb8 19. Kg2 Ne5 20. Bxe5 dxe5 21. e4 a5 22. bxa6 b5 23. Na5 Rxa6 24. Nc6 Qa8 25. Qd1 Bd6 26. Rxa6 Qxa6 27. Qb3 Ra8 28. Re1 Qa4 29. Qc3 b4 30. Qe3 Kg7 31. g4 Qc2 32. h4 Qxb2 33. h5 Ng8 34. g5 Ra3 35. h6+ Kf8 36. Qc1 Qxc1 37. Rxc1 f6 38. Nd8 fxg5 39. Ne6+ Ke7 40. Nxg5 Nxh6 41. Rh1 Kf6 42. Nxh7+ Kg7 43. Ng5 Ng8 44. Ne6+ Kf6 45. Rh8 Ra8 46. Be2 Rb8 47. Bc4 Ne7 48. Rxb8 Bxb8 49. Nxc5 Kg5 50. Kf3 Nc8 51. Ne6+ Kf6 52. Bb3 Na7 53. Ba4 Bd6 54. Ke2 Nc8 55. Kd3 Nb6 56. Bb3 Ke7 57. Ke3 Nd7 58. Kd3 Nc5+ 1/2-1/2

[Event "FRA-ch op-B"]
[Site "Pau"]
[Date "2008.08.21"]
[Round "9"]
[White "Ferrier, David"]
[Black "Sola, Flavien"]
[Result "1/2-1/2"]
[WhiteElo "1978"]
[BlackElo "1895"]
[PlyCount "160"]
[EventDate "2008.08.11"]
[EventType "swiss"]
[EventRounds "11"]
[EventCountry "FRA"]
[SourceTitle "CBM 126 Extra"]
[Source "ChessBase"]
[SourceDate "2008.11.05"]
[SourceVersion "1"]
[SourceVersionDate "2008.11.05"]
[SourceQuality "1"]

1. d4 c5 2. d5 e5 3. e4 d6 4. Bd3 Be7 5. Ne2 a6 6. a4 Bg5 7. 0-0 Bxc1 8. Qxc1 Nd7 9. Na3 Ne7 10. Nc4 Nb6 11. Qg5 Nxc4 12. Bxc4 Ng6 13. Qxd8+ Kxd8 14. f4 exf4 15. Nxf4 Ne5 16. Be2 Ke7 17. Ra3 Bd7 18. a5 Rac8 19. c4 Rc7 20. Rc3 Rb8 21. Nd3 Nxd3 22. Rxd3 b6 23. axb6 Rxb6 24. b3 Rcb7 25. Bd1 f6 26. g4 h6 27. h4 Rb8 28. Rg3 Rf8 29. g5 hxg5 30. hxg5 Rbb8 31. Bc2 fxg5 32. Rxf8 Rxf8 33. Rxg5 Kf6 34. Rg3 g5 35. Kf2 Ke5+ 36. Ke3 g4 37. Bd1 Rf4 38. Bc2 Be8 39. Rg1 Bg6 40. Ra1 Rf3+ 41. Ke2 Rh3 42. Rg1 Rh2+ 43. Kd1 Kf4 44. Bd3 Ra2 45. Rf1+ Ke3 46. Bb1 Rd2+ 47. Kc1 Rf2 48. Rg1 Kf4 49. e5 Bxb1 50. Kxb1 dxe5 51. Rd1 Ke3 52. d6 Rf8 53. Rg1 Rd8 54. Rxg4 Rxd6 55. Kc2 Kf3 56. Rg7 Rc6 57. Kd2 Kf4 58. Rb7 Ke4 59. Rd7 Kf5 60. Rd5 Kf4 61. Rd7 e4 62. Rf7+ Ke5 63. Re7+ Re6 64. Rc7 Kd6 65. Ra7 e3+ 66. Ke2 Ke5 67. Kxe3 Rb6 68. Kd2 Rxb3 69. Rxa6 Kd4 70. Ra4 Rb2+ 71. Kc1 Rb4 72. Rxb4 cxb4 73. Kd2 Kxc4 74. Kc2 b3+ 75. Kb2 Kb4 76. Kb1 Ka3 77. Ka1 Kb4 78. Kb1 Kb5 79. Kb2 Kc4 80. Kb1 Kc3 1/2-1/2

[Event "FRA-ch op-B"]
[Site "Pau"]
[Date "2008.08.15"]
[Round "4"]
[White "Feryn, Benjamin"]
[Black "Ferrier, David"]
[Result "0-1"]
[WhiteElo "1918"]
[BlackElo "1978"]
[PlyCount "48"]
[EventDate "2008.08.11"]
[EventType "swiss"]
[EventRounds "11"]
[EventCountry "FRA"]
[SourceTitle "CBM 126 Extra"]
[Source "ChessBase"]
[SourceDate "2008.11.05"]
[SourceVersion "1"]
[SourceVersionDate "2008.11.05"]
[SourceQuality "1"]

1. e4 c5 2. Nf3 e6 3. d4 cxd4 4. Nxd4 a6 5. Nc3 b5 6. Bd3 b4 7. Nce2 Bb7 8. 0-0 d6 9. Ng3 Nf6 10. Be3 Nbd7 11. Qd2 d5 12. exd5 Bxd5 13. Rfe1 Be7 14. Bg5 0-0 15. Bxf6 Nxf6 16. Ne4 a5 17. c4 bxc3 18. Nxc3 Bc5 19. Nxd5 Qxd5 20. Ne2 Bxf2+ 21. Kf1 Bxe1 22. Rxe1 Rad8 23. Rd1 Qh5 24. h3 Ne4 0-1

[Event "FRA-ch U20"]
[Site "Le Grand Bornand"]
[Date "2007.04.12"]
[Round "5"]
[White "Sally, Paul Adrien"]
[Black "Ferrier, David"]
[Result "0-1"]
[WhiteElo "1973"]
[BlackElo "1992"]
[PlyCount "48"]
[EventDate "2007.04.07"]
[EventType "swiss"]
[EventRounds "9"]
[EventCountry "FRA"]
[SourceTitle "CBM 118 Extra"]
[Source "ChessBase"]
[SourceDate "2007.07.04"]
[SourceVersion "1"]
[SourceVersionDate "2007.07.04"]
[SourceQuality "1"]

1. e4 e6 2. d4 c5 3. Nf3 cxd4 4. Nxd4 a6 5. Bd3 Nf6 6. 0-0 Qc7 7. c3 d6 8. Re1 Nbd7 9. Nd2 Be7 10. Nf1 0-0 11. Ng3 b6 12. f3 Bb7 13. Be3 d5 14. exd5 Nxd5 15. Bf2 N7f6 16. Bf1 Rfd8 17. Qc2 Rac8 18. Rad1 b5 19. a4 b4 20. c4 Qb8 21. Qb1 Nf4 22. b3 Bc5 23. Nde2 Bxf2+ 24. Kxf2 Qa7+ 0-1

[Event "Avoine op 21th"]
[Site "Avoine"]
[Date "2006.07.25"]
[Round "4"]
[White "Ferrier, David"]
[Black "Bodicker, Rob"]
[Result "1/2-1/2"]
[WhiteElo "1979"]
[BlackElo "2111"]
[PlyCount "41"]
[EventDate "2006.07.22"]
[EventType "swiss"]
[EventRounds "9"]
[EventCountry "FRA"]
[SourceTitle "EXT 2007"]
[Source "ChessBase"]
[SourceDate "2006.11.23"]
[SourceVersion "1"]
[SourceVersionDate "2006.11.23"]
[SourceQuality "1"]

1. d4 d5 2. c4 c6 3. Nc3 Nf6 4. Nf3 e6 5. e3 Nbd7 6. Bd3 dxc4 7. Bxc4 b5 8. Bd3 Bb7 9. 0-0 b4 10. Ne4 Be7 11. Nxf6+ Nxf6 12. e4 0-0 13. Qc2 h6 14. Bf4 Rc8 15. Rad1 Qb6 16. Qd2 c5 17. e5 Ne4 18. Qe2 Qc6 19. Bb5 Qb6 20. Bd3 Qc6 21. Bb5 1/2-1/2

[Event "Besancon op"]
[Site "Besancon"]
[Date "2005.12.28"]
[Round "5"]
[White "Pellisseri, Michel"]
[Black "Ferrier, David"]
[Result "1-0"]
[WhiteElo "2096"]
[BlackElo "1992"]
[PlyCount "57"]
[EventDate "2005.12.27"]
[EventType "swiss"]
[EventRounds "7"]
[EventCountry "FRA"]
[SourceTitle "CBM 110 Extra"]
[Source "ChessBase"]
[SourceDate "2006.03.10"]
[SourceVersion "2"]
[SourceVersionDate "2006.03.10"]
[SourceQuality "1"]

1. d4 e6 2. c4 c5 3. d5 exd5 4. cxd5 d6 5. Nc3 g6 6. e4 Bg7 7. h3 a6 8. a4 Nd7 9. Nf3 Ne5 10. Nd2 f5 11. Be2 Nf6 12. f4 Nf7 13. 0-0 0-0 14. exf5 Bxf5 15. g4 Bd7 16. g5 Ne8 17. Kg2 Qc8 18. Bg4 Bf5 19. Nde4 Rb8 20. Ng3 Bxg4 21. hxg4 b5 22. axb5 axb5 23. Nce4 h6 24. f5 Nxg5 25. Bxg5 hxg5 26. Nxg5 Bxb2 27. Ra2 Be5 28. Ne6 Rf7 29. fxg6 1-0